Bidayatul-hidayah (permulaan jalan hidayah)

Bibliographic Details
Main Author: غزالي 1058-1111 (Author)
Other Authors: Syeikh Ahmad Fahmi Zamzam (Translator)
Format: Book
Language:Malay
Published: Kedah, Malaysia Khazanah Banjariah 2016
Subjects:

MARC

LEADER 00000cam a2200000 7i4500
001 0000095113
008 181113s2016 my may
020 |a 9789832052746 
040 |a UniSZA  |e rda 
050 0 0 |a BP184  |b .G43 2016 
090 0 0 |a BP184  |b .G43 2016 
100 0 |a غزالي  |d 1058-1111  |e author 
245 1 0 |a Bidayatul-hidayah (permulaan jalan hidayah)  |c Al-Imam Hujjatul Islam Abu Hamid Al-Ghazali, diterjemahkan oleh Syeikh Ahmad Fahmi bin Zamzam 
264 1 |a Kedah, Malaysia  |b Khazanah Banjariah  |c 2016 
300 |a xiv, 184 pages  |c 21 cm 
336 |a text  |2 rdacontent 
337 |a unmediated  |2 rdamedia 
338 |a volume  |2 rdacarrier 
650 0 |a Islam  |x Customs and practices 
650 0 |a Religious life  |x Islam 
700 0 |a Syeikh Ahmad Fahmi Zamzam  |e translator 
999 |a 1000174613  |b Book  |c OPEN SHELF (30 DAYS)  |e Gong Badak Campus